Technical aspects of hillside development [ presented by Dr. Mahadzer and Dr.Ir. Gue See Sen at PWTC, 20 August 2003

Bibliographic Details
Corporate Author: Inspen
Format: Book
Published: Bangi : Inspen , 2003
Subjects:

MARC

LEADER 00000cam a2200000 7i4500
001 0000017302
005 20061129.0
040 |a INS 
090 0 0 |a HC445 2003 
110 1 |a Inspen 
240 0 0 |a Seminar Harta tanah 2003 
245 0 0 |a Technical aspects of hillside development [  |h video recording] :   |b presented by Dr. Mahadzer and Dr.Ir. Gue See Sen at PWTC, 20 August 2003 
260 |a Bangi :   |b Inspen ,   |c 2003 
300 |a 1Video cassette (VHS)(1:45) :   |b sd.,col. ;   |c 1/2 in. 
520
650 0 0 |a Sustainable development 
999 |a VHS1064   |b VIDEO   |c Media Collection   |e Default branch